| 000 | 00365nam a22001577a 4500 | ||
|---|---|---|---|
| 003 | SGT | ||
| 020 | _a9781543347814 | ||
| 082 |
_a610.7362 _bP24A |
||
| 100 | _aABOTHU, PRADEEP | ||
| 245 | _aPRACTICAL RECORD BOOK OF CHILD HEALTH NURSING | ||
| 250 | _a1ST | ||
| 260 |
_aINDIA _bPEE VEE PUB _c2024 |
||
| 300 | _a246 | ||
| 650 | _aNURSING BOOKS | ||
| 942 |
_2ddc _cBK |
||
| 999 |
_c32746 _d32746 |
||